Statistics for Lamda Class

Click here to take the quiz!

General Stats

  • This quiz has been taken 44 times
  • The average score is 17 of 22

Answer Stats

Answer% Correct
Adrian BoulosBA
100%
Andrew BauerComputer Science
100%
Billy BenjaminCreative Producing
100%
Billy BrooksBA
100%
Charles DudleyEnglish
100%
Charlie RaymondComputer Science
100%
Daniel GentiliBA
91%
Dylan Derakhshanianpolitical science
91%
Eshaan VoraBA
82%
Jeremy AndersonData analytics
82%
Henry BerensonBA
73%
Julius duretsBA
73%
Justice NikkelBA
73%
Mark BrintonBA
73%
Thomas woodundeclared
64%
Matthew JohnsonBA
55%
Michael pilovskyBA
55%
Nico MaggioBA
55%
Patricio de la mazafilm production
55%
Patrick Duffnerkinesiology
55%
will goodwinBA
55%
tzanimir BorovskiBA
45%

Score Distribution

Percentile by Number Answered

Percent of People with Each Score

Your Score History

You have not taken this quiz